Najwyżej oceniani polscy piłkarze w FUT20 - Statystyki

Ogólne statystyki
  • Ten quiz został rozwiązany 611 razy
    554 od ostatniego zresetowania
  • Średni wynik to 20 z 39
Statystyki odpowiedzi
Ocena Klub Piłkarz % Poprawnych
89 Bayern Monachium Robert Lewandowski
100%
83 Napoli Arkadiusz Milik
92%
81 Napoli Piotr Zieliński
91%
80 AS Monaco Kamil Glik
85%
80 AC Milan Krzysztof Piątek
85%
78 Lokomotiv Grzegorz Krychowiak
84%
81 Borussia Dortmund Łukasz Piszczek
84%
86 Juventus Turyn Wojciech Szczęsny
80%
77 Southampton Jan Bednarek
79%
82 West Ham United Łukasz Fabiański
74%
75 Wisła Kraków Jakub Błaszczykowski
72%
74 Hull City Kamil Grosicki
69%
76 Sampdoria Karol Linetty
65%
73 Sampdoria Bartosz Bereszyński
61%
76 Chongqing Lifan Adrian Mierzejewski
58%
73 Leeds United Mateusz Klich
56%
72 Lokomotiv Maciej Rybus
55%
72 MKE Ankaragucu Michał Pazdan
52%
75 Dynamo Kyiv Tomasz Kędziora
52%
75 Bournemouth Artur Boruc
51%
73 Fortuna Dusseldorf Dawid Kownacki
50%
71 Leicester City Bartosz Kapustka
49%
73 Broendby IF Kamil Wilczek
44%
76 Bologna Łukasz Skorupski
44%
72 SPAL Thiago Cionek
44%
72 Dinamo Zagreb Damian Kądzior
41%
75 Udinese Łukasz Teodorczyk
40%
71 Chicago Fire Przemysław Frankowski
40%
75 1. FC Union Berlin Rafał Gikiewicz
40%
73 VfB Stuttgart Marcin Kamiński
34%
72 Legia Warszawa Artur Jędrzejczyk
32%
73 Hellas Verona Mariusz Stępiński
31%
73 Fiorentina Bartłomiej Drągowski
28%
72 Fiorentina Szymon Zurkowski
27%
71 SPAL Bartosz Salamon
18%
73 Piast Gliwice Jakub Czerwiński
16%
71 Jagiellonia Białystok Taras Romanczuk
13%
71 Cracovia Janusz Gol
7%
71 Gazisehir Gaziantep F.K Bartłomiej Pawłowski
2%
Nie znaleziono quizów pasujących do podanych kryteriów
Rozkład punktacji
Procent ludzi z każdym wynikiem
Percentyl według liczby udzielonych odpowiedzi
Twoja historia wyników
Nie rozwiązałeś tego quizu od ostatniego zresetowania